La muerte en Venecia; Las Tablas de la Ley (Record no. 96920)

MARC details
000 -LEADER
campo de control de longitud fija 00666nam a2200205 i 4500
001 - NÚMERO DE CONTROL
campo de control 96920
003 - IDENTIFICADOR DE NÚMERO DE CONTROL
campo de control ES-MaACL
005 - FECHA Y HORA DE LA ÚLTIMA TRANSACCIÓN
campo de control 20250316204110.0
007 - CAMPO FIJO DE DESCRIPCIÓN FÍSICA--INFORMACIÓN GENERAL
campo de control de longitud fija t|
008 - DATOS DE LONGITUD FIJA--INFORMACIÓN GENERAL
campo de control de longitud fija 050704s1971 sp ||||1| spa d
100 0# - ENTRADA PRINCIPAL--NOMBRE DE PERSONA
Nombre de persona Mann, Thomas,
Fechas asociadas al nombre 1875-1955
9 (RLIN) 76055
245 13 - MENCIÓN DEL TÍTULO
Título La muerte en Venecia; Las Tablas de la Ley
Resto del título : novela /
Mención de responsabilidad, etc. Thomas Mann; [traducciones de Martín Rivas, Raul Schiaffino].
260 ## - PUBLICACIÓN, DISTRIBUCIÓN, ETC.
Lugar de publicación, distribución, etc. Barcelona :
Nombre del editor, distribuidor, etc. Planeta,
Fecha de publicación, distribución, etc. 1971.
300 ## - DESCRIPCIÓN FÍSICA
Extensión 157 p. ;
Dimensiones 19 cm.
700 1# - ENTRADA AGREGADA--NOMBRE PERSONAL
Nombre de persona Rivas, Martín.
9 (RLIN) 97564
700 1# - ENTRADA AGREGADA--NOMBRE PERSONAL
Nombre de persona Schiaffino, Raul.
9 (RLIN) 104328
740 4# - ENTRADA AGREGADA--TÍTULO RELACIONADO/ANALÍTICO NO CONTROLADO
Título relacionado o analítico no controlado Las Tablas de la Ley.
852 ## - LOCALIZACIÓN
Ubicación ES-MaACL
Número de control de estantería C-40252
Sublocalización o colección R.78683
Holdings
Estatus retirado Estado de pérdida Estado de daño No para préstamo Biblioteca de origen Biblioteca actual Ubicación en estantería Fecha de adquisición Fuente de adquisición Total de préstamos Signatura topográfica completa Código de barras Visto por última vez Precio de reemplazo Tipo de ítem Koha
        Biblioteca del Ateneo de Madrid Biblioteca del Ateneo de Madrid Depósito 2 17/01/2008     C-40252 1101182 23/02/2023 23/02/2023 Libro impreso